01508 2200409 4500001002100000005001500021035002000036007000300056008004100059020002200100082001400122084001600136100004100152245025700193250003200450300004000482650003500522700004200557700003700599700003300636700003800669700003500707700003400742700003800776700003000814264003500844336002100879337003000900338002300930040002200953090002000975090002200995850001201017504002501029999002201054990002201076INLIS00000000085819320240226113543 a0010-0421000098ta210405s2020 yoia g ind d a978-623-7587-96-504223a302.2 a302.2 KAD d0 aKadek Dristiana DwivayaniePengarang10aDinamika komunikasi pembangunan daerah /cKadek Dristiana Dwivayani, Kheyene Molekandeller Boer, Annisa Wahyuni Arsyad, Lasti Nur Satiani, Dian Novita Kristiyani, Rindo Bagus Sanjaya, Meliatian Sukaisih; penyunting, Didik Haryadi Santoso, Heri Budianto aCetakan pertama : Juli 2020 a282 halaman :btabel, foto ;c21 cm 4aKomunikasi--xPembangunan desa0 aKheyene Molekandeller BoerePengarang0 aAnnisa Wahyuni ArsyadePengarang0 aLasti Nur SatianiePengarang0 aDian Novita KristiyaniePengarang0 aRindo Bagus SanjayaePengarang0 aMeliatian SukaisihePengarang0 aDidik Haryadi SantosoePenyunting0 aHeri BudiantoePenyunting31aSleman :bMBridge Press,c2020 2rdacontentateks 2rdamediaatanpa perantara 2rdacarrieravolume aYOPDYOGbinderda aDEP 302.2 KAD d aCB-D.11 2020-1683 aYOPDYOG aTermasuk bibliografi aCB-D.11/2020-1683 aCB-D.11/2020-1683